Y học cổ truyền điều trị bệnh lý đường hô hấp

Wedi'i Gadw mewn:
Manylion Llyfryddiaeth
Prif Awdur:  Nguyễn Văn Vụ
Fformat: Sách
Iaith:Undetermined
Cyhoeddwyd:  Quân đội nhân dân  2008
Pynciau:
Tagiau: Ychwanegu Tag
Dim Tagiau, Byddwch y cyntaf i dagio'r cofnod hwn!
Thư viện lưu trữ: Trung tâm Thư viện - Trường Đại học Công nghiệp TP. Hồ Chí Minh
LEADER 00558nam a2200157Ia 4500
001 UIH_06289
008 231011s9999 xx 000 0 und d
082 |a  615.882 
100 |a  Nguyễn Văn Vụ 
245 0 |a  Y học cổ truyền điều trị bệnh lý đường hô hấp 
245 0 |c  Nguyễn Văn Vụ 
260 |b  Quân đội nhân dân 
260 |c  2008 
650 |a  Y học cổ truyền;  
927 |a Sách 
980 |a Trung tâm Thư viện - Trường Đại học Công nghiệp TP. Hồ Chí Minh